[Event "FRA-chT3"]
[Site "France"]
[Date "2011.10.16"]
[Round "1"]
[White "Voguet, Francois"]
[Black "Brun, Francoise"]
[Result "1/2-1/2"]
[WhiteElo "1748"]
[BlackElo "1826"]
[PlyCount "47"]
[EventDate "2012.01.20"]
[EventType "team-match"]
[EventRounds "9"]
[EventCountry "FRA"]
[SourceTitle "EXT 2014"]
[Source "ChessBase"]
[SourceDate "2013.11.20"]
[SourceVersion "1"]
[SourceVersionDate "2013.11.20"]
[SourceQuality "1"]

1. e4 c5 2. d4 cxd4 3. c3 dxc3 4. Nxc3 g6 5. Nf3 Bg7 6. Bc4 e6 7. Nb5 d5 8. exd5 a6 9. Nc3 e5 10. 0-0 Ne7 11. Re1 Bg4 12. h3 Bxf3 13. Qxf3 0-0 14. Bg5 Qd7 15. Rad1 Nf5 16. Be3 Nd6 17. Bb3 f5 18. Bc5 b5 19. a4 Qc7 20. Ba3 Nd7 21. axb5 e4 22. Qf4 Be5 23. Qd2 Nc5 24. Ba2 1/2-1/2

[Event "FRA-chT1 1011"]
[Site "France"]
[Date "2010.11.14"]
[Round "3.8"]
[White "Brun, Francoise"]
[Black "Esposito, Marie Christine"]
[Result "0-1"]
[WhiteElo "1499"]
[BlackElo "2103"]
[PlyCount "90"]
[EventDate "2010.10.17"]
[EventType "team-tourn"]
[EventRounds "11"]
[EventCountry "FRA"]
[SourceTitle "EXT 2012"]
[Source "ChessBase"]
[SourceDate "2011.11.24"]
[SourceVersion "1"]
[SourceVersionDate "2011.11.24"]
[SourceQuality "1"]

1. e4 d6 2. d4 Nf6 3. Nc3 Nbd7 4. Nf3 e5 5. d5 Nc5 6. Bd3 a5 7. h3 Be7 8. 0-0 0-0 9. Re1 Ne8 10. Be3 b6 11. Nd2 Nxd3 12. cxd3 f5 13. f3 Bh4 14. Rf1 f4 15. Bf2 Qg5 16. Bxh4 Qxh4 17. Qe1 Qg5 18. Kh1 Rf6 19. Qf2 Rh6 20. Kh2 Qh5 21. h4 Qg5 22. g3 fxg3+ 23. Qxg3 Qxd2+ 24. Rf2 Qf4 25. Qxf4 exf4 26. Ne2 Rxh4+ 27. Kg1 Ba6 28. Rd1 Nf6 29. Nd4 Nd7 30. Ne6 Rc8 31. Rc2 Nc5 32. Rc3 Nxe6 33. dxe6 Rh6 34. e7 Re6 35. d4 Rxe7 36. d5 g5 37. Kh2 h5 38. Rg1 Rg7 39. Rc2 Kf7 40. Rcg2 Kf6 41. Kh3 g4+ 42. Kh4 Rcg8 43. a4 gxf3 44. Rxg7 Rxg7 45. Re1 f2 0-1

[Event "FRA-chT1 1011"]
[Site "France"]
[Date "2010.11.13"]
[Round "2.8"]
[White "Dacalor, Aurelie"]
[Black "Brun, Francoise"]
[Result "1-0"]
[WhiteElo "1929"]
[BlackElo "1499"]
[PlyCount "33"]
[EventDate "2010.10.17"]
[EventType "team-tourn"]
[EventRounds "11"]
[EventCountry "FRA"]
[SourceTitle "EXT 2012"]
[Source "ChessBase"]
[SourceDate "2011.11.24"]
[SourceVersion "1"]
[SourceVersionDate "2011.11.24"]
[SourceQuality "1"]

1. d4 d5 2. c4 dxc4 3. Nc3 Nf6 4. e4 e6 5. Bxc4 Bb4 6. Qd3 Nc6 7. Nge2 h6 8. 0-0 Bxc3 9. bxc3 0-0 10. e5 Nd7 11. Qg3 Kh8 12. Nf4 Ne7 13. Bxe6 Kh7 14. Nh5 Ng6 15. Bf5 Nb6 16. Be4 Qh4 17. Qxh4 1-0